[Event "Biel GM"]
[Site "Biel"]
[Date "2003.07.22"]
[Round "2"]
[White "Smirin, Ilia"]
[Black "Kortschnoj, Viktor Lvovich"]
[Result "1-0"]
[WhiteElo "2656"]
[BlackElo "2628"]
[Annotator "Wedberg,T"]
[PlyCount "91"]
[EventDate "2003.07.21"]
[EventType "tourn"]
[EventRounds "11"]
[EventCountry "SUI"]
[EventCategory "16"]
[SourceTitle "CBM 097"]
[Source "ChessBase"]
[SourceDate "2003.11.11"]
[SourceVersion "1"]
[SourceVersionDate "2003.11.11"]
[SourceQuality "1"]

1. e4 e5 2. Nf3 Nc6 3. Bb5 a6 4. Ba4 Nf6 5. O-O Be7 6. Re1 b5 7. Bb3 d6 8. c3
O-O 9. h3 Na5 10. Bc2 c5 11. d4 Qc7 12. Nbd2 cxd4 13. cxd4 Bd7 14. Nf1 Rac8 15.
Ne3 Nc6 16. d5 Nb4 17. Bb1 a5 18. a3 Na6 19. b4 axb4 20. axb4 Qb7 (20... Nxb4
$2 21. Bd2 {trapping the N is the well-known idea behind b4.}) 21. Bd2 Ra8 (
21... Nc7 22. Bd3 Na8 23. Qe2 Nb6 {1/2-1/2 Velimirovic,D-Ljubojevic,L/Szirak
1987/CBM 03 (23)}) (21... Bd8 22. Bd3 Bb6 {is another way to regroup.} 23. Qe2
Nc7 24. Nd1 Ra8 $11 {1/2-1/2 Hansen,C-Hansen,L/Esbjerg 2000/CBM 78 (36)}) 22.
Bd3 Nc7 23. Bc3 Rxa1 24. Qxa1 Na8 $6 $146 {The P-formation is locked so piece
manouvering is the order of the day. Black suffers from being a little cramped
and from having to guard the vulnerable b5-P. But the N-manouvre a8-b6 doesn´t
help much in addressing these problems.} (24... g6 25. Nd2 Nh5 26. Nb3 Nf4 27.
Na5 Qb6 28. Bc2 Ne8 29. Qb2 Ng7 30. Rd1 Ngh5 31. Bb1 Bh4 32. Qd2 Rc8 33. Bb2
Bxh3 $17 {0-1 Obad,A-Stoinev,M/Tuzla 1989/EXT 98 (54)}) 25. Nd2 Nb6 26. Nb3 Na4
27. Na5 Qa8 28. Rc1 Rc8 29. Bd2 Bf8 30. Nc2 $1 Nb6 31. Na3 {White has managed
to add more pressure aginst b5. This gives him a clear pull here.} Nc4 (31...
Qa6 32. Rxc8 Nxc8 33. Qc3 $16) 32. N3xc4 bxc4 33. Nxc4 Qxa1 34. Rxa1 Nxe4 35.
Nb6 (35. Nxe5 $5) 35... Nxd2 36. Nxc8 $1 {Whites R and passed b-P cannot be
matched by Black..} (36. Nxd7 $16) 36... Bxc8 37. Ra7 e4 38. Be2 Nb3 39. Rc7
Bf5 40. Bc4 Nd4 41. g4 Bg6 42. b5 $18 Nxb5 43. Bxb5 e3 44. f3 f6 45. Bd7 h5 46.
Bf5 1-0

[Event "Budapest Hunguest Hotels"]
[Site "Budapest"]
[Date "2003.04.14"]
[Round "4"]
[White "Leko, Peter"]
[Black "Kortschnoj, Viktor Lvovich"]
[Result "1/2-1/2"]
[WhiteElo "2746"]
[BlackElo "2632"]
[Annotator "Wedberg,T"]
[PlyCount "94"]
[EventDate "2003.04.11"]
[EventType "tourn"]
[EventRounds "9"]
[EventCountry "HUN"]
[EventCategory "17"]
[SourceTitle "CBM 095"]
[Source "ChessBase"]
[SourceDate "2003.07.25"]
[SourceVersion "1"]
[SourceVersionDate "2003.07.25"]
[SourceQuality "1"]

1. e4 e5 2. Nf3 Nc6 3. Bb5 a6 4. Ba4 Nf6 5. O-O Be7 6. Re1 b5 7. Bb3 d6 8. c3
O-O 9. h3 Na5 10. Bc2 c5 11. d4 Qc7 12. Nbd2 cxd4 13. cxd4 Bd7 14. Nf1 Rac8 15.
Re2 (15. Ne3 {is the main line, but the text comes in as 'the other move'.})
15... Rfe8 16. Ng3 Bd8 $1 {[%cal Yc7a7,Yd8b6,Ya7f2][%mdl 4] An active manouvre
that seems to solve Black´s problems in a handy fashion.} 17. b3 Nc6 18. Ba3
$146 (18. Bb2 Qa7 19. a3 Bb6 20. Rd2 Nxd4 21. Nxd4 Bxd4 22. Bxd4 exd4 $11 {
1/2-1/2 Tosic,M-Lukacs,P/Budapest 1990/CBM 20 ext (28). (27)}) 18... Qb8 19.
Rd2 exd4 20. Nxd4 Nxd4 21. Rxd4 d5 $1 22. exd5 Bb6 23. Rd3 Nxd5 $1 $11 {
The veteran has done it again - it´s dead equal.} 24. Ne4 (24. Rxd5 $2 Qxg3 $15
) 24... Bf5 $1 25. Rxd5 Bxe4 26. Bxe4 Rxe4 27. Bd6 Qa7 28. Bg3 Rce8 29. Qf3 h6
30. Rad1 R4e7 31. h4 Bc7 32. Bxc7 Qxc7 33. g3 Qc6 34. Kg2 Re6 35. Rd8 Qxf3+ 36.
Kxf3 Kf8 37. R1d6 Rxd8 38. Rxd8+ Ke7 39. Ra8 h5 40. Ra7+ Kf6 41. Kf4 g6 42. f3
Kg7 43. g4 hxg4 44. fxg4 Kf6 45. Ra8 Kg7 46. Ra7 Kf6 47. Rb7 Kg7 1/2-1/2

[Event "Corus"]
[Site "Wijk aan Zee"]
[Date "2005.01.28"]
[Round "11"]
[White "Leko, Peter"]
[Black "Bruzon Batista, Lazaro"]
[Result "1-0"]
[WhiteElo "2749"]
[BlackElo "2652"]
[Annotator "Wedberg,T"]
[PlyCount "49"]
[EventDate "2005.01.15"]
[EventType "tourn"]
[EventRounds "13"]
[EventCountry "NED"]
[EventCategory "19"]
[SourceTitle "CBM 105"]
[Source "ChessBase"]
[SourceDate "2005.04.11"]
[SourceVersion "1"]
[SourceVersionDate "2005.04.11"]
[SourceQuality "1"]

1. e4 e5 2. Nf3 Nc6 3. Bb5 a6 4. Ba4 Nf6 5. O-O Be7 6. Re1 b5 7. Bb3 d6 8. c3
O-O 9. h3 Na5 10. Bc2 c5 11. d4 Qc7 12. Nbd2 cxd4 13. cxd4 Bd7 14. Nf1 Rac8 15.
Re2 Nc6 16. a3 exd4 17. Nxd4 Rfe8 18. Ng3 d5 19. Nxc6 Bxc6 20. e5 Ne4 21. Bf4
$1 {[%mdl 8] An important novelty since taking on e4 has been proven to yield
less than nothing.} (21. Nxe4 dxe4 22. Bxe4 Red8 23. Qf1 (23. Qb3 Bxe4 24. Rxe4
Qc2 25. Qxc2 Rxc2 26. Re1 Bc5 27. Be3 Bxe3 28. Rxe3 Rdd2 $36 {1/2-1/2 Orak,
L-Rogic,D/Pula 2001/CBM 082 ext (43)}) 23... Bxe4 24. Rxe4 Qc2 25. Re2 Rd1 26.
Rxc2 Rxf1+ 27. Kxf1 Rxc2 $44 {1/2-1/2 Ernst,T-Johannesson,L/Reykjavik 1990/CBM
018 ext (34)}) 21... g5 $2 {This would be great if it worked - but it doesn't.}
(21... Nxg3 22. Bxg3 Qd7 23. Qd3 g6 $14) 22. Nf5 $1 gxf4 23. Rxe4 $1 {Mate in
two if Black takes the R. But Blacks chances are slim whatever he plays given
the weak K.} Kh8 24. Re1 Bd7 $2 (24... f6 25. Qd4 Rf8 26. Nxe7 Qxe7 27. Qxf4
$16) 25. e6 $1 1-0

[Event "Sarajevo Bosnia 32nd"]
[Site "Sarajevo"]
[Date "2002.05.27"]
[Round "6"]
[White "Smirin, Ilia"]
[Black "Sokolov, Ivan"]
[Result "1-0"]
[WhiteElo "2685"]
[BlackElo "2647"]
[Annotator "Wedberg,T"]
[PlyCount "137"]
[EventDate "2002.05.22"]
[EventType "tourn"]
[EventRounds "9"]
[EventCountry "BIH"]
[EventCategory "16"]
[SourceTitle "CBM 090"]
[Source "ChessBase"]
[SourceDate "2002.09.20"]
[SourceVersion "1"]
[SourceVersionDate "2002.09.20"]
[SourceQuality "1"]

1. e4 {Hecht} e5 2. Nf3 Nc6 3. Bb5 a6 4. Ba4 Nf6 5. O-O Be7 6. Re1 b5 7. Bb3 d6
8. c3 O-O 9. h3 Na5 10. Bc2 c5 11. d4 Qc7 12. Nbd2 cxd4 13. cxd4 Nc6 14. Nb3 a5
15. Be3 a4 {Black has gotten his P to a4 for free compared to a line like 13.
- Bd7. But is it an advantage to have the P:s on b5 and a4 rather than b5 and
a6?} 16. Nbd2 Bd7 17. Rc1 Rac8 (17... a3 18. bxa3 Rxa3 19. Bb3 $14 {1/2-1/2
Van der Sterren,P-Ree,H/Amsterdam/Drachten 1982/EXT 2002 (85)}) 18. Nf1 $146 (
18. a3 Qb8 19. Bd3 exd4 (19... Na5 20. Qe2 Rfe8 21. d5 h6 22. Nh2 b4 23. Rb1 b3
24. Rbc1 $14 {1/2-1/2 Krakops,M-Yin Hao/Menorca 1996/Juniors (39)}) 20. Nxd4
Ne5 21. Rxc8 Rxc8 22. Bb1 Bd8 23. f4 Ng6 24. Nf1 Bb6 25. Kh1 Qa7 $132 {1/2-1/2
Ivanov,A-Kholmov,R/Minsk 1985/MCD (68)}) 18... Qb7 19. Ng3 Rc7 20. Bb1 Rfc8 21.
Kh1 h6 22. Qd2 Bf8 23. a3 {Smirin is using the classical strategy of doing
very little, but doing it well. Black´s task is difficult when White keeps the
tension against e5 like this.} exd4 24. Nxd4 Ne5 25. Rxc7 Rxc7 26. Ndf5 $14 {
White´s position is more pleasant to play.} Nc4 27. Qd4 Nxe3 28. Nxe3 {[%csl
Gd5,Gf5,Rf8]} Qa7 29. Qd3 Qc5 $6 (29... g6 $5 30. Ba2 {[%cal Ye4e5]} Kg7 $14)
30. Nd5 $1 Nxd5 31. exd5 g6 32. Ne4 $16 Qc4 33. Nf6+ Kh8 34. Qe3 Qh4 $2 {
After this mistake Black´s position starts to crack.} (34... Bc8 $142) 35. Qb6
$5 (35. Nxd7 Rxd7 36. Qe8 Qd8 37. Bd3 $16) 35... Qc4 36. Ne4 Bf5 37. Nxd6 Qc5
38. Qxc5 Rxc5 39. Nxf5 gxf5 40. Rd1 f4 41. d6 Bxd6 42. Rxd6 Rc1+ 43. Kh2 Rxb1
44. Rxh6+ Kg7 45. Rh4 Rxb2 46. Rxf4 b4 47. g4 $1 bxa3 48. Kg3 a2 49. Rxa4 {
This ending is won for White. The a2-P is not much of a hinderance to White
who has lots of squares to operate from behind it. Hecht: '[#] Weiß muss erst
noch zu verbundenen Freibauern kommen. Die Seitendeckung des a-Bauern erlaubt
dem schwarzem Turm zwar mehr Freiheiten, doch dem weißen König dafür auch.
Achtung vor Seitenschachs mit gleichzeitigem Angriff auf den weißen Turm!'} Kg6
50. Ra6+ f6 (50... Kg7 {Hecht: ist etwas besser, gleichwohl verlagert sich
prinzipiell nur alles eine Reihe weiter nach oben.} 51. h4 Rb3+ 52. f3 Rb2 53.
h5 Kh7 54. g5 Kg7 55. Ra7 Kg8 56. h6 Kh8 57. f4 {[%cal Gg3g4,Gg4f5]}) 51. h4
Rb3+ 52. f3 Rb2 53. Ra7 Rc2 54. h5+ Kh6 55. Kf4 Rf2 56. Ra6 (56. Ke4 {Hecht}
f5+ 57. Ke3 Rb2 58. Kf4 $18 {z.B.} fxg4 59. fxg4 Rb4+ 60. Kg3 Rb3+ 61. Kh4 {
[%csl Ra2][%cal Rg4g5]}) 56... Kg7 57. Ra8 Kh7 58. Ke4 Kg7 59. f4 Rb2 60. Ra7+
Kh6 61. Kf5 Rg2 62. Ra6 Kh7 63. g5 fxg5 64. fxg5 Rf2+ 65. Kg4 Rg2+ 66. Kf4 Rf2+
67. Kg3 Rb2 68. Ra7+ Kg8 69. h6 1-0

[Event "Najdorf Memorial 12th"]
[Site "Buenos Aires"]
[Date "2001.09.05"]
[Round "2"]
[White "Polgar, Judit"]
[Black "Milos, Gilberto"]
[Result "1-0"]
[WhiteElo "2686"]
[BlackElo "2614"]
[Annotator "Wedberg,T"]
[PlyCount "81"]
[EventDate "2001.09.04"]
[EventType "tourn"]
[EventRounds "9"]
[EventCountry "ARG"]
[EventCategory "14"]
[SourceTitle "CBM 085"]
[Source "ChessBase"]
[SourceDate "2001.11.13"]
[SourceVersion "1"]
[SourceVersionDate "2001.11.13"]
[SourceQuality "1"]

1. e4 {Ftacnik} e5 2. Nf3 Nc6 3. Bb5 a6 4. Ba4 Nf6 5. O-O Be7 6. Re1 b5 7. Bb3
d6 8. c3 O-O 9. h3 Na5 10. Bc2 c5 11. d4 Qc7 {Milos tries something new
against the amazon.} (11... Bb7 12. Nbd2 cxd4 13. cxd4 exd4 14. Nxd4 Re8 15. b3
Bf8 16. Bb2 g6 17. Qf3 Bg7 18. Rad1 Rc8 19. Bb1 Nc6 {1-0 Polgar,J-Milos,G/
Buenos Aires 2000/CBM 80/[Wedberg] (33)}) 12. Nbd2 cxd4 13. cxd4 Rd8 {This is
a dangerous line for White if he continues with the standard manouvre Nf1. But
Judits response is the best, giving White a slight plus.} 14. b3 $1 {White has
time for this since there is no immediate pressure on the c-file. In lines
where Black can play Rc8, and threaten Bc2 followed by Qc3, b3 is a mistake.
Here it solves all White's problems.} (14. Nf1 $6 exd4 15. Nxd4 d5 16. e5 Ne4
17. f3 Bc5 $1 $36 {very difficult for White is the verdict after several tests.
}) (14. d5 {Preventing a black d5, but Black has no problems when the tension
is released so early.} Bd7 15. Nf1 Rdc8 16. Bd3 Nb7 17. Ng3 Nc5 $11) 14... Nc6
15. Bb2 exd4 16. Nxd4 Nxd4 17. Bxd4 Bb7 (17... Be6 18. Rc1 Qa5 19. Bb1 $14 {
in a number of games.}) 18. Rc1 (18. b4 $5 Rac8 19. Rc1 Qb8 20. a3 Re8 21. Nf1
Bd8 22. Ng3 $36 {With nice play on the K-side. Black has no counterplay since
d5 always is punished by e5. 1-0 Korneev,O-Fernandez Garcia,J/Elgoibar 2000/
CBM 81 (48)}) 18... Qa5 (18... Rac8 $2 {allows a little tactic} 19. e5 $1 Qc6
20. Bxh7+ $18 {1-0 Wang Pin-Garcia,G/Ubeda 1998/CBM 62 ext (36)}) 19. Bb1 Rac8
20. Rxc8 Rxc8 21. Nf1 Re8 (21... g6 22. Qe2 Re8 23. Rd1 Qc7 $13 {1/2-1/2
Moreno Carnero,J-Fernandez Garcia,J/Dos Hermanas 2001/CBM 83 (48)}) 22. Ne3 $1
$146 {[%mdl 8]} (22. Re3 Qd8 23. Ng3 g6 24. Qd2 Bf8 25. Qb2 Bg7 26. f4 Rf8 27.
Kh2 h5 28. b4 h4 29. Nh1 d5 30. e5 Ne4 $132 {1-0 Dolmatov,S-Polgar,Z/New York
1989/CBM 12 (61)}) 22... g6 {Ftacnik: 'The whole variation promises black
active pieces, but the daigonal a1-h8 and the attacking potential of the
white's army favorize Polgar.'} (22... Nxe4 $2 23. Nf5 Bf6 24. Bxe4 Rxe4 25.
Rxe4 Bxe4 26. Qe2 $18) (22... Bxe4 $2 23. Bxf6 Bxf6 24. Nd5 $18) 23. Re2 Qd8 {
Black prudently avoids taking the offered P on e4. Even if there is no
immediate refutation for greed, Black has a long defence to prove his point.} (
23... Nxe4 $6 24. Ng4 $1 $40) 24. Bb2 Bf8 (24... Bxe4 $2 25. Bxe4 Nxe4 26. Nd5
$18) 25. b4 Nh5 (25... Bxe4 $6 26. Bxe4 Rxe4 27. Nd5 $16) (25... Bg7 $5) 26.
Ng4 Qg5 27. Bc2 Bc8 {This leads to the exchange of a B for a N. The
simplification of the position doesn't help Black, since White has clear plus
in the ending as well. Ftacnik: 'Black may not have a road to equality, but at
least he is doing maximum in an attempt to complicate the opponent start of an
attack.'} (27... d5 28. e5 Bxb4 29. Qd4 Nf4 30. Re3 Be7 (30... Bc5 $2 31. Qxc5
Rc8 32. Qd4 Rxc2 33. e6 Rxb2 34. Nf6+ $18) 31. e6 f6 {[%cal Yh7h5] Not a
tempting position for Black, but White has the burden of proof.}) 28. Re3 Bg7 (
28... Bxg4 29. Qxg4 Qxg4 30. hxg4 $14 {[%csl Gb2,Gc2]}) 29. Bxg7 Kxg7 30. Qd4+
{'!' Ftacnik.} Kg8 31. Qxd6 Bxg4 32. hxg4 Nf4 $2 {'!' Ftacnik.} (32... Qxg4 33.
g3 $5 $14 (33. Qxa6 $2 Nf4 34. g3 Rc8 $19) (33. Bd1 Qg5 34. Bxh5 Qxh5 35. Qxa6
Qd1+ 36. Kh2 Qh5+ $11)) 33. g3 Nh3+ 34. Kg2 Qxg4 35. f3 Qg5 {'?' Ftacnik.
Ftacnik: 'The tragic mistake, black queen remains optically close to the
straited knight, but now he will never get out.'} (35... Qc8 $1 {Ftacnik} 36.
Qc5 (36. Bb3 Ng5 $13) 36... Ng5 37. Qxc8 Rxc8 38. Bb3 Kf8 39. Rd3 $14) 36. Re2
$16 {Black's pieces are all on bad circuits now. White dominates.} Qh5 37. Qd7
Re6 38. Qc8+ {'!' Ftacnik.} Kg7 39. Qc3+ Kg8 40. Bb3 Re8 41. Re1 (41. Re1 Ng5
42. Rh1 $18) 1-0

[Event "Enghien les Bains 4th"]
[Site "Enghien les Bains"]
[Date "2001.04.19"]
[Round "8"]
[White "Grischuk, Alexander"]
[Black "Bologan, Viktor"]
[Result "0-1"]
[WhiteElo "2668"]
[BlackElo "2676"]
[Annotator "Wedberg,T"]
[PlyCount "102"]
[EventDate "2001.04.11"]
[EventType "tourn"]
[EventRounds "9"]
[EventCountry "FRA"]
[EventCategory "17"]
[SourceTitle "CBM 083"]
[Source "ChessBase"]
[SourceDate "2001.07.05"]
[SourceVersion "1"]
[SourceVersionDate "2001.07.05"]
[SourceQuality "1"]

1. e4 {Kortschnoj} e5 2. Nf3 Nc6 3. Bb5 a6 4. Ba4 Nf6 5. O-O Be7 6. Re1 b5 7.
Bb3 d6 8. c3 O-O 9. h3 Na5 10. Bc2 c5 11. d4 Qc7 12. Nbd2 cxd4 13. cxd4 Rd8 {
This move is attractive because it sets a trap. Against White´s most natural
move Black gets very strong pressure.} 14. Nf1 $6 {[%mdl 16384] Quite a common
mistake. White removes the N from the centre and allows Black to expand. 
Kortschnoj: 'The theory believes this move is not the best here. After 14.d5
white has better chances.'} (14. d5 {is solid, but not much more} Bd7 15. Nf1
Rdc8 16. Bd3 Nb7 17. Ng3 Nc5 {and Black´s position is sound, as has been
proven many times.}) (14. b3 $1 {is the best try for an advantage, e.g.} Nc6
15. Bb2 exd4 16. Nxd4 Nxd4 17. Bxd4 Bb7 (17... Be6 18. Rc1 Qa5 19. Bb1 (19. Nf3
Rac8 20. Bb1 h6 21. Rxc8 Bxc8 22. Bb2 d5 23. exd5 Rxd5 $10 {1/2-1/2 Shirov,
A-Xie Jun/Monaco blind (04) ;EXP 52 1996 (33)}) 19... d5 20. e5 (20. Bc3 b4 21.
Bxf6 Bxf6 22. e5 Bg5 23. Qe2 Qb6 24. Rcd1 Rac8 25. Nf3 Be7 26. Nd4 $14 {
1-0 Popovic,P-Hellers,F/Thessaloniki 1988/TD (40)}) 20... Ne4 21. Nf1 Rdc8 (
21... Rac8 22. Qd3 g6 23. Qe3 Qa3 24. Rxc8 Rxc8 25. Bxe4 dxe4 26. Ng3 $14 {
1-0 Asrian,K-Pedzich,D/Ubeda 1999/CBM 68 ext (30)}) 22. Qd3 g6 23. f3 $36 {
1-0 Ivanov,A-Pedzich,D/Oak Bridge 2000/EXT 2001 (38)}) 18. b4 (18. Rc1 Qa5 (
18... Rac8 $2 19. e5 $1 Qc6 20. Bxh7+ $18 {1-0 Wang Pin-Garcia,G/Ubeda 1998/
CBM 62 ext (36)}) 19. Bb1 Rac8 20. Rxc8 Rxc8 21. Nf1 Re8 22. Re3 Qd8 23. Ng3 g6
24. Qd2 Bf8 25. Qb2 Bg7 26. f4 $16 {Dolmatov,S-Polgar,Zsu/New York op (6) 1989/
1-0 (61)}) 18... Rac8 19. Rc1 Qb8 20. a3 Re8 21. Nf1 Bd8 22. Ng3 Qa8 23. Nf5
Re6 24. f3 g6 25. Nh6+ Kf8 26. Bb3 $40 {1-0 Korneev,O-Fernandez Garcia,J/
Elgoibar 2000/CBM 81 (48)}) 14... exd4 15. Nxd4 (15. Ng3 $5 {might be better}
d5 16. e5 Ne4 17. Nxe4 dxe4 18. Bxe4 Bb7 19. Bg5 Bxe4 20. Bxe7 Qxe7 21. Rxe4 d3
22. Nd4 Rd5 (22... Qb4 $5 $13) 23. Qxd3 Rxe5 24. Nf5 $16 {Vlasak,E-Kupsovsky,V/
corr/1991/1:0/47/}) 15... d5 $1 {[%cal Yd8d1] The key move. Black expands in
the centre before White has had time to organize himself.} 16. e5 Ne4 17. Bf4 {
'?!' Kortschnoj.} (17. f3 $6 {trying to refute Black's play} Bc5 $1 {is only
promising for Black} 18. fxe4 dxe4 19. Rxe4 (19. Be3 Nc4 20. Bxe4 Nxe3 21. Nxe3
Rxd4 $36) 19... Nc6 20. Be3 Nxd4 21. Rh4 (21. Bxd4 $2 Bf5 $19) (21. Rxd4 Bxd4
22. Bxd4 Qc4 $19) (21. Rc1 $6 Nf5 $17) 21... Bf5 $1 $17 {0-1 Garcia,G-Wahls,M/
Cienfuegos 1996/CBM 54/[Kanstler] (53)}) (17. Nd2 Bc5 18. N2f3 Bb7 19. Bf4 Rac8
20. Rc1 Qb6 21. Bb1 Nc4 $36 {0-1 Kasimdzhanov,R-Peng Xiaomin/Genting Highlands
1998/CBM 63 ext (53)}) (17. Ne3 Bc5 18. b3 Qxe5 19. Bb2 Bb7 $6 (19... Qf4 $142
$13) 20. Nc6 $1 $36 {1-0 Brodsky,M-Aleksandrov,A/Moscow 1991/URS-ch/[Ernst] 
(49)}) 17... Bc5 18. Ne3 (18. Rc1 Nc4 19. Rb1 Qb6 $17 {0-1 Akatsuka,T-Zhang
Zhong/Singapore 1995/CBM 50 ext (32)}) 18... Qb6 19. Nb3 Nxb3 20. Bxb3 (20.
axb3 Bb7 21. Bd3 Bd4 22. Qe2 f6 23. Bxe4 dxe4 24. Ng4 f5 25. Ne3 Qe6 $17 {
0-1 Colovic,A-Dimitrov,V/Lazarevac 1999/CBM 73 ext (67)}) 20... Be6 {
Kortschnoj: 'This is more solid than Bb7- the king side of black needs careful
protection.'} (20... Bb7 21. Qg4 $132 {1-0 Zaw Win Lay-Matsuo,T/Yangon 1998/
CBM 69 (29)}) 21. Qd3 (21. Bc2 Nxf2 22. Kxf2 d4 23. Qf3 dxe3+ 24. Bxe3 Rac8 $17
{0-1 Saulin,D-Notkin,M/Moscow 1996/CBM 56 ext (34)}) 21... a5 $1 $17 {[%csl
Ge4][%cal Yc5f2,Yd5d4,Ya5a4] Black has all the fun in this position.} 22. f3 {
'?' Kortschnoj. White plays his only active possibility, but it´s too
weakening to really help him. Kortschnoj: 'White's position is worse but still
not lost.'} ({After} 22. Bc2 $1 {(Kortschnoj) followed by Qe2 he could hold it.
But young people are not accostomed to a tough defence. The move made by
Grischuk equals to a harakiri.}) 22... a4 23. Bc2 ({Or} 23. Bxd5 {Kortschnoj}
Rxd5 24. Qxe4 Rad8 25. Bg3 Rd4 26. Qc2 Rd3 {winning some material. Or}) (23.
fxe4 {Kortschnoj} dxe4 24. Qxe4 axb3 25. axb3 Rxa1 26. Rxa1 Bd5 {with the same
result.}) 23... g5 $1 24. Bh2 Bf5 {'!' Kortschnoj. Kortschnoj: 'Black runs his
attack an exemplary way.'} 25. Qe2 (25. fxe4 Bxe4 26. Qd2 Bxc2 27. Qxc2 Bxe3+
28. Kh1 d4 $17) 25... d4 $2 {A mistake in an easily won position.} (25... Bxe3+
$1 26. Qxe3 d4 27. Qd3 Ng3 28. Qd2 d3+ $19) 26. Bxe4 $2 (26. fxe4 $1 Bg6 (26...
Be6 27. Qh5) 27. Nd5 Rxd5 (27... d3+ 28. Kh1 dxe2 29. Nxb6 Bxb6 30. Rxe2 Bd4
31. Rb1 $11) 28. Bd3 $11) 26... dxe3 27. Kh1 (27. Bxf5 Rd2 $19) (27. b4 Bxb4
$19) (27. Bxa8 {Kortschnoj} Bd3) 27... Rd2 28. Bxa8 Rxe2 29. Rxe2 Bd3 30. Ree1
Bb4 31. Rec1 e2 32. Bg3 Bd2 33. Rg1 {Kortschnoj: 'White's position is dead
lost. But the young guys are always full of optimism.'} b4 $19 {The P on e2
secures a winning advantage.} 34. a3 b3 35. Be1 Be3 36. Bc3 Bxg1 37. Rxg1 Qf2
38. Re1 h5 39. Bd5 Qc5 40. Bb7 Qb5 41. Ba8 Qc5 42. Bb7 Kh7 {Kortschnoj:
'Seeking a right plan.'} 43. Ba8 Kg6 44. Bb7 Qb5 45. Ba8 Qc4 46. Kh2 Kh7 47.
Kh1 Kg8 48. Kh2 Kf8 49. Kh1 Ke7 50. Kh2 Ke6 {Kortschnoj: 'Finally!'} 51. g3 Qa6
0-1

[Event "NED-ch52"]
[Site "Rotterdam"]
[Date "1997.06.26"]
[Round "5"]
[White "Van den Doel, Erik"]
[Black "Piket, Jeroen"]
[Result "1-0"]
[WhiteElo "2430"]
[BlackElo "2640"]
[Annotator "Wedberg,T"]
[PlyCount "79"]
[EventDate "1997.06.21"]
[EventType "tourn"]
[EventRounds "11"]
[EventCountry "NED"]
[EventCategory "12"]
[SourceTitle "CBM 060"]
[Source "ChessBase"]
[SourceDate "1997.09.29"]
[SourceVersion "1"]
[SourceVersionDate "1997.09.29"]
[SourceQuality "1"]

{Pikets new move is better than it performs in this game.} 1. e4 e5 2. Nf3 Nc6
3. Bb5 a6 4. Ba4 Nf6 5. O-O Be7 6. Re1 b5 7. Bb3 d6 8. c3 O-O 9. h3 Na5 10. Bc2
c5 11. d4 Bb7 (11... Qc7) 12. Nbd2 (12. dxe5 dxe5 13. Qxd8 Raxd8 14. Nxe5 Nxe4
15. Bxe4 Bxe4 16. Nd2 (16. Rxe4 Rd1+ 17. Kh2 Rxc1 $19) 16... Bc2 17. Ndf3 Rfe8
$15) 12... cxd4 13. cxd4 Rc8 14. Nf1 Qc7 15. Bd3 (15. Re2) 15... exd4 $146 (
15... Nc6 16. Ne3 Rfe8 17. d5 Nb4 18. Bb1 a5 19. Qe2 $1 Nd7 20. Bd2 Qb6 21. a3
Na6 22. b4 {/\ Bd3 |^}) (15... Nd7 16. d5 $5 (16. Ne3 exd4 17. Nxd4 Bf6 18.
Ndf5 g6 {1-0 Fischer,R-Incutto,C/Mar del Plata 1960/MCL 03/[Gagarin] (51) =
Fischer}) 16... f5 17. Ne3 $1 f4 18. Nf5 Bd8 19. Bd2 {Yudovich,M-Berta,M/corr/
1976/1:0/56/ (27) +/- Fischer}) (15... d5 16. dxe5 Nxe4 17. Ng3 f5 18. exf6
Bxf6 19. Bxe4 dxe4 20. Nxe4 $13) 16. Nxd4 Rfe8 17. Ng3 Nc4 18. a4 Qb6 $6 (18...
b4 $142) 19. Ndf5 Bf8 20. axb5 axb5 21. b3 d5 $6 (21... Ne5 22. Be3 Qc6 23. Nd4
$16) (21... Na5 22. Be3 Qd8 23. Bg5 $16) 22. bxc4 dxc4 23. Bb1 Rcd8 24. Qc2 $18
Qc6 25. Bg5 Bc5 26. Nxg7 $1 Kxg7 27. Qc3 Re6 (27... Bd4 28. Nf5+ $18) 28. Nh5+
Kh8 29. Bxf6+ Rxf6 30. Qxf6+ Qxf6 31. Nxf6 Rd2 (31... Bd4 32. Rd1 Bxf2+ 33.
Kxf2 Rxd1 34. Ra7 $18) 32. Ng4 c3 33. Ra2 Rd4 34. Bc2 b4 35. Ra5 Be7 36. Ra7
Rd7 37. Ne5 Rc7 38. Nd3 Kg7 39. Rb1 Rd7 40. Nxb4 1-0